ბათუმის შოთა რუსთაველის სახელმწიფო უნივერსიტეტის ბიბლიოთეკა

Греческий полис на эллинистическом Востоке / (ბიბ.ჩანაწერი № 61122)

000 -LEADER
fixed length control field 00709nam a22001697a 4500
005 - DATE AND TIME OF LATEST TRANSACTION
control field 20231221102737.0
008 - FIXED-LENGTH DATA ELEMENTS--GENERAL INFORMATION
fixed length control field 231221s1979 ru ||||| |||| 00| 0 rus d
041 ## - LANGUAGE CODE
Language code of text/sound track or separate title rus
080 ## - UNIVERSAL DECIMAL CLASSIFICATION NUMBER
Universal Decimal Classification number 94(38) K-76
100 ## - MAIN ENTRY--PERSONAL NAME
Personal name Кошеленко, Г.А.
9 (RLIN) 20824
245 ## - TITLE STATEMENT
Title Греческий полис на эллинистическом Востоке /
Statement of responsibility, etc. Г. А. Кошеленко; Академия наук СССР.
264 ## - PRODUCTION, PUBLICATION, DISTRIBUTION, MANUFACTURE, AND COPYRIGHT NOTICE
Place of production, publication, distribution, manufacture МОСКВА :
Name of producer, publisher, distributor, manufacturer "Наука"
Date of production, publication, distribution, manufacture, or copyright notice 1979.
300 ## - PHYSICAL DESCRIPTION
Extent 292 с.;
Other physical details 21 см.
653 ## - INDEX TERM--UNCONTROLLED
keyword ბერძნული პოლისი ელინისტურ აღმოსავლეთში
710 ## - ADDED ENTRY--CORPORATE NAME
Corporate name or jurisdiction name as entry element Академия наук СССР.
9 (RLIN) 20827
942 ## - ADDED ENTRY ELEMENTS (KOHA)
Source of classification or shelving scheme
Koha item type წიგნი
ეგზემპლარები
Withdrawn status Lost status Source of classification or shelving scheme Damaged status Not for loan Permanent Location Current Location Shelving location Date acquired Cost, normal purchase price Full call number Barcode Date last seen Copy number Uniform Resource Identifier Price effective from Koha item type Public note
          ბათუმის შოთა რუსთაველის სახელმწიფო უნივერსიტეტის მთავარი ბიბლიოთეკა ბათუმის შოთა რუსთაველის სახელმწიფო უნივერსიტეტის მთავარი ბიბლიოთეკა წიგნსაცავი 2023-12-21 7.00 94(38) K-76 65640 2023-12-21 65640 ბსუ-ს საპატიო დოქტორის გურამ ლორთქიფანიძის საჩუქარი 2023-12-21 წიგნი 7 ლ.